000 00615nam a2200193Ii 4500
003 JO-AjNU
008 230605s9999||||xx |||||||||||||| ||und||
040 _aJO-AjNU
_bara
_erda
_cJO-AjNU
041 _aara
050 1 4 _aQH302.5.1985
100 3 _aلطفي ، رمسيس,
_eauthor
_915860
245 0 0 _aمعجم مصطلحات البيولوجيا العامة
264 3 1 _aالجامعة الاردنيه : د.ن ، 1985
300 _a132ص
336 _atext
_btxt
_2rdacontent
337 _aunmediated
_bn
_2rdamedia
338 _avolume
_bnc
_2rdacarrier
650 4 _aالبيولوجيا-معاجم
_915861
999 _aA4576
_c8144
_d8144